[Event "Santa Cruz de Tenerife op 9th"]
[Site "Santa Cruz de Tenerife"]
[Date "2023.07.31"]
[Round "7"]
[White "Ballesteros Avila, Antonio"]
[Black "Ramos Aguilar, Jose Manuel"]
[Result "0-1"]
[WhiteElo "1978"]
[BlackElo "1988"]
[PlyCount "154"]
[EventDate "2023.07.17"]
[EventType "swiss"]
[EventRounds "9"]
[EventCountry "ESP"]
[SourceTitle "CBM 215 Extra"]
[Source "ChessBase"]
[SourceDate "2023.09.30"]
[SourceVersion "1"]
[SourceVersionDate "2023.09.30"]
[SourceQuality "1"]

1. d4 Nf6 2. Bf4 g6 3. Nc3 d5 4. e3 Bg7 5. Nf3 0-0 6. Be2 c6 7. Ne5 Nfd7 8. h4 Nxe5 9. Bxe5 f6 10. Bg3 Nd7 11. h5 e5 12. hxg6 hxg6 13. dxe5 Nxe5 14. Qd4 Qb6 15. 0-0-0 Qxd4 16. exd4 Nf7 17. Bd3 Bh6+ 18. Kb1 Bf5 19. Bxf5 gxf5 20. f3 f4 21. Bf2 Bg5 22. Rde1 Rae8 23. Kc1 Nd6 24. Kd2 Nc4+ 25. Kc1 Kg7 26. Nd1 Kg6 27. b3 Nd6 28. Rxe8 Rxe8 29. Kd2 Nf5 30. c4 dxc4 31. bxc4 Ne3 32. Kd3 b5 33. cxb5 cxb5 34. Nc3 b4 35. Ne4 Nxg2 36. Rg1 Ne3 37. Bxe3 fxe3 38. f4 e2 39. fxg5 f5 40. Kxe2 Rxe4+ 41. Kd3 Rg4 42. Rb1 Rg2 43. Rxb4 Rxa2 44. d5 Kxg5 45. d6 Rh2 46. d7 Rh8 47. Rd4 Rd8 48. Ke3 a5 49. Kf3 a4 50. Rxa4 Rxd7 51. Ra3 Rb7 52. Rc3 Rb1 53. Ra3 Rf1+ 54. Kg2 Rf4 55. Kg3 Rg4+ 56. Kf3 Rh4 57. Ra8 Rh3+ 58. Kg2 Rb3 59. Kf2 Kg4 60. Ra2 f4 61. Rc2 Rh3 62. Rc4 Rh2+ 63. Kf1 Kg3 64. Rc8 Rh1+ 65. Ke2 f3+ 66. Kd2 Ra1 67. Rg8+ Kf2 68. Rg7 Ra5 69. Rd7 Re5 70. Rd8 Kf1 71. Rd7 f2 72. Rd8 Re2+ 73. Kd1 Re1+ 74. Kd2 Kg2 75. Rg8+ Kh3 76. Rh8+ Kg4 77. Rg8+ Kh5 0-1

[Event "Santa Cruz de Tenerife op 9th"]
[Site "Santa Cruz de Tenerife"]
[Date "2023.07.24"]
[Round "4"]
[White "Ramos Aguilar, Jose Manuel"]
[Black "Arribas Lopez, Sara"]
[Result "1-0"]
[WhiteElo "1988"]
[BlackElo "1676"]
[PlyCount "61"]
[EventDate "2023.07.17"]
[EventType "swiss"]
[EventRounds "9"]
[EventCountry "ESP"]
[SourceTitle "CBM 215 Extra"]
[Source "ChessBase"]
[SourceDate "2023.09.30"]
[SourceVersion "1"]
[SourceVersionDate "2023.09.30"]
[SourceQuality "1"]

1. Nf3 e6 2. g3 Nf6 3. Bg2 c5 4. 0-0 Nc6 5. c4 d5 6. cxd5 exd5 7. d4 c4 8. Ne5 Qb6 9. Nxc6 bxc6 10. Nc3 h5 11. Bg5 Nh7 12. Bf4 g5 13. Be5 f6 14. Nxd5 cxd5 15. Bxd5 Bb7 16. Qa4+ Ke7 17. Bxb7 Qxb7 18. Qxc4 Rc8 19. Qd3 fxe5 20. dxe5 h4 21. Rad1 h3 22. f3 Qb6+ 23. Kh1 Rd8 24. Qf5 Qf2 25. Qxh3 Rxd1 26. Rxd1 g4 27. Qh4+ Kf7 28. Qh5+ Ke6 29. Qg6+ Ke7 30. Qf5 Nf6 31. Qxf6+ 1-0

[Event "Tenerife-ch Seniors/Women"]
[Site "Santa Cruz de Tenerife"]
[Date "2023.03.29"]
[Round "8.4"]
[White "Ramos Aguilar, Jose Manuel"]
[Black "Abreu Suarez, Isauro"]
[Result "1-0"]
[WhiteElo "2039"]
[BlackElo "1984"]
[PlyCount "63"]
[EventDate "2023.03.13"]
[EventType "swiss"]
[EventRounds "9"]
[EventCountry "ESP"]
[SourceTitle "EXT 2024"]
[Source "ChessBase"]
[SourceDate "2023.10.10"]
[SourceVersion "1"]
[SourceVersionDate "2023.10.10"]
[SourceQuality "1"]

1. d4 Nf6 2. Nf3 c5 3. e3 d5 4. c4 e6 5. Nc3 Nc6 6. Bd3 Be7 7. 0-0 0-0 8. a3 b6 9. cxd5 exd5 10. Ne5 Bb7 11. Qa4 Nxe5 12. dxe5 Nd7 13. Qc2 g6 14. f4 c4 15. Be2 f5 16. Rd1 Qc7 17. Bf3 Kg7 18. Nxd5 Bxd5 19. Bxd5 Rac8 20. Bd2 Nc5 21. Qxc4 Qb8 22. Qe2 Na4 23. Bb4 Bxb4 24. axb4 b5 25. Bb3 Rc7 26. h3 Rfc8 27. Bxa4 bxa4 28. Rxa4 h5 29. Qa6 Kh6 30. Qf6 Rc1 31. Rxc1 Rxc1+ 32. Kh2 1-0

[Event "Tenerife-chT Preferente"]
[Site "Tenerife"]
[Date "2023.03.04"]
[Round "6.1"]
[White "Rodriguez Redondo, Adhara"]
[Black "Ramos Aguilar, Jose Manuel"]
[Result "1-0"]
[WhiteElo "2091"]
[BlackElo "2014"]
[PlyCount "65"]
[EventDate "2023.01.14"]
[EventType "team-tourn"]
[EventRounds "14"]
[EventCountry "ESP"]
[SourceTitle "EXT 2024"]
[Source "ChessBase"]
[SourceDate "2023.10.10"]
[SourceVersion "1"]
[SourceVersionDate "2023.10.10"]
[SourceQuality "1"]
[WhiteTeam "El Sauzal Libreria Barco"]
[BlackTeam "Caissa Enroque"]
[WhiteTeamCountry "ESP"]
[BlackTeamCountry "ESP"]

1. e4 c5 2. Nf3 Nc6 3. d4 cxd4 4. Nxd4 Qb6 5. Nb3 Nf6 6. Nc3 e6 7. a3 a6 8. Bf4 Be7 9. e5 Ng8 10. Ne4 f6 11. Nd6+ Bxd6 12. exd6 Nd8 13. Be2 Nf7 14. c4 Ngh6 15. 0-0 0-0 16. Qc2 Qd8 17. c5 g5 18. Bd2 f5 19. Bc3 g4 20. f4 Qh4 21. g3 Qh3 22. Qd2 Re8 23. Bc4 b5 24. Qd4 e5 25. fxe5 Bb7 26. Rf2 Re6 27. Bxe6 dxe6 28. Bd2 f4 29. Qxf4 Nf5 30. Nd4 Bd5 31. Nxf5 exf5 32. Qxf5 Re8 33. d7 1-0

[Event "Sitges Sunway op 9th"]
[Site "Sitges"]
[Date "2022.12.12"]
[Round "1"]
[White "Ramos Aguilar, Jose Manuel"]
[Black "Abdurakhmanov, Mukhmmadali"]
[Result "0-1"]
[WhiteElo "2008"]
[BlackElo "2397"]
[PlyCount "92"]
[EventDate "2022.12.12"]
[EventType "swiss"]
[EventRounds "10"]
[EventCountry "ESP"]
[SourceTitle "CBM 211 Extra"]
[Source "ChessBase"]
[SourceDate "2023.01.31"]
[SourceVersion "1"]
[SourceVersionDate "2023.01.31"]
[SourceQuality "1"]

1. c4 e6 2. Nf3 Nf6 3. b3 d5 4. Bb2 Be7 5. g3 dxc4 6. bxc4 b6 7. Bg2 Bb7 8. 0-0 0-0 9. Nc3 c5 10. d3 Nfd7 11. Qd2 Nc6 12. Rad1 Rc8 13. Qc1 Qc7 14. Ne4 Rfe8 15. Qa1 Bf8 16. Rd2 Qb8 17. Rb1 Qa8 18. Bc3 f5 19. Neg5 h6 20. Nh3 g5 21. Ne1 e5 22. f3 Nd4 23. e4 g4 24. Nf2 h5 25. fxg4 fxg4 26. Rdb2 Rc6 27. Bd2 Rg6 28. Be3 Qd8 29. Nd1 Nb8 30. Rf2 h4 31. Nc3 Nbc6 32. Nd5 Bc8 33. Rbb2 Ne6 34. Rf5 Ncd4 35. Rbf2 Bg7 36. Qd1 Ng5 37. Bxg5 Rxg5 38. Nf6+ Bxf6 39. Rxf6 Rg7 40. gxh4 Nf3+ 41. Nxf3 Qxf6 42. Ng5 Qh6 43. Qe1 Rd8 44. Bf1 Qd6 45. Rg2 Rf8 46. Be2 Rf4 0-1

[Event "Canarias-ch"]
[Site "Brena Baja"]
[Date "2022.06.03"]
[Round "4"]
[White "Ramos Aguilar, Jose Manuel"]
[Black "Hernandez Leon, Alberto"]
[Result "0-1"]
[WhiteElo "2005"]
[BlackElo "2213"]
[PlyCount "56"]
[EventDate "2022.06.01"]
[EventType "swiss"]
[EventRounds "6"]
[EventCountry "ESP"]
[SourceTitle "CBM 208 Extra"]
[Source "ChessBase"]
[SourceDate "2022.07.31"]
[SourceVersion "1"]
[SourceVersionDate "2022.07.31"]
[SourceQuality "1"]

1. c4 e6 2. Nf3 d5 3. e3 Nf6 4. Nc3 c5 5. d4 cxd4 6. exd4 Be7 7. cxd5 Nxd5 8. Bd3 Nc6 9. 0-0 0-0 10. Re1 Ncb4 11. Bb1 Nf6 12. Bg5 b6 13. a3 Nbd5 14. Qd3 g6 15. Ba2 Bb7 16. Ne5 Rc8 17. Bh6 Re8 18. Qh3 Bf8 19. Bg5 Be7 20. Nxf7 Kxf7 21. Rxe6 Kg7 22. Rae1 Ng8 23. Nxd5 Bxg5 24. Rxe8 Qxe8 25. Ne3 Bxe3 26. fxe3 Nf6 27. e4 Qd7 28. Qb3 Bxe4 0-1

[Event "Canarias-ch"]
[Site "Brena Baja"]
[Date "2022.06.02"]
[Round "3"]
[White "Ros Octavio de Toledo, Eduardo"]
[Black "Ramos Aguilar, Jose Manuel"]
[Result "0-1"]
[WhiteElo "2048"]
[BlackElo "2005"]
[PlyCount "76"]
[EventDate "2022.06.01"]
[EventType "swiss"]
[EventRounds "6"]
[EventCountry "ESP"]
[SourceTitle "CBM 208 Extra"]
[Source "ChessBase"]
[SourceDate "2022.07.31"]
[SourceVersion "1"]
[SourceVersionDate "2022.07.31"]
[SourceQuality "1"]

1. Nf3 Nf6 2. c4 c5 3. Nc3 Nc6 4. d4 cxd4 5. Nxd4 g6 6. e4 Bg7 7. Be3 0-0 8. Be2 b6 9. 0-0 Bb7 10. f3 d6 11. Qd2 Nd7 12. Rac1 a6 13. Rfd1 Re8 14. Bf1 Nc5 15. Nd5 Nxd4 16. Bxd4 a5 17. b3 h6 18. Bxg7 Kxg7 19. Qb2+ Kh7 20. e5 Bxd5 21. Rxd5 Qc7 22. exd6 exd6 23. Rcd1 Re6 24. Qd2 Rd8 25. Bd3 Qe7 26. g3 Nxd3 27. Qxd3 Re3 28. Qf1 Re2 29. R5d3 Qe5 30. Rd4 Re8 31. Re4 Qc5+ 32. Kh1 R8xe4 33. fxe4 Rf2 34. Qd3 Qh5 35. h4 Qg4 36. Kg1 Rf3 37. Qxd6 Rxg3+ 38. Kf2 Qf3+ 0-1

[Event "Tenerife-chT Primera"]
[Site "Tenerife"]
[Date "2022.05.14"]
[Round "12.1"]
[White "Ramos Aguilar, Jose Manuel"]
[Black "Alessandro, Sergio"]
[Result "1-0"]
[WhiteElo "2049"]
[BlackElo "1552"]
[PlyCount "73"]
[EventDate "2022.01.29"]
[EventType "team-tourn"]
[EventRounds "14"]
[EventCountry "ESP"]
[SourceTitle "EXT 2024"]
[Source "ChessBase"]
[SourceDate "2023.10.10"]
[SourceVersion "1"]
[SourceVersionDate "2023.10.10"]
[SourceQuality "1"]
[WhiteTeam "Caissa Enroque"]
[BlackTeam "Santa Ursula Badnor"]
[WhiteTeamCountry "ESP"]
[BlackTeamCountry "ESP"]

1. c4 Nf6 2. Nc3 e6 3. e4 d6 4. d4 Be7 5. Nf3 b6 6. Bd3 Bb7 7. 0-0 Nbd7 8. a3 a6 9. Re1 e5 10. d5 Nf8 11. b4 Bc8 12. h3 Ng6 13. Be3 Bd7 14. Nd2 Qc8 15. Bf1 0-0 16. c5 bxc5 17. bxc5 dxc5 18. Nb3 Nf4 19. Bxf4 exf4 20. e5 Ne8 21. Qf3 g5 22. Ne4 f6 23. exf6 Bxf6 24. Rac1 Nd6 25. Nxf6+ Rxf6 26. Nxc5 g4 27. hxg4 Bxg4 28. Qc3 Rf7 29. Re5 Rg7 30. Ne6 Bxe6 31. dxe6 Qf8 32. Qf3 Kh8 33. e7 Qg8 34. Rxc7 Nf7 35. Qxa8 Nxe5 36. e8Q Rg5 37. Qxe5+ 1-0

[Event "Tenerife-chT Primera"]
[Site "Tenerife"]
[Date "2022.04.30"]
[Round "10.1"]
[White "Ramos Aguilar, Jose Manuel"]
[Black "Diaz Reyes, Iker"]
[Result "1-0"]
[WhiteElo "2049"]
[BlackElo "1231"]
[PlyCount "39"]
[EventDate "2022.01.29"]
[EventType "team-tourn"]
[EventRounds "14"]
[EventCountry "ESP"]
[SourceTitle "EXT 2024"]
[Source "ChessBase"]
[SourceDate "2023.10.10"]
[SourceVersion "1"]
[SourceVersionDate "2023.10.10"]
[SourceQuality "1"]
[WhiteTeam "Caissa Enroque"]
[BlackTeam "Fundacion La Caja de Canarias II"]
[WhiteTeamCountry "ESP"]
[BlackTeamCountry "ESP"]

1. c4 c5 2. Nf3 Nf6 3. Nc3 g6 4. g3 Bg7 5. Bg2 d6 6. d4 Na6 7. 0-0 0-0 8. h3 Rb8 9. e4 Bd7 10. Re1 Qc8 11. e5 Ne8 12. Nd5 Qd8 13. Bg5 f6 14. Nxe7+ Qxe7 15. exf6 Qxe1+ 16. Nxe1 Nxf6 17. dxc5 Nxc5 18. Qxd6 Rbc8 19. Rd1 Rc6 20. Bxc6 1-0

[Event "Tenerife-chT Primera"]
[Site "Tenerife"]
[Date "2022.02.12"]
[Round "3.1"]
[White "Surov, Georgii"]
[Black "Ramos Aguilar, Jose Manuel"]
[Result "0-1"]
[WhiteElo "1159"]
[BlackElo "2049"]
[PlyCount "107"]
[EventDate "2022.01.29"]
[EventType "team-tourn"]
[EventRounds "14"]
[EventCountry "ESP"]
[SourceTitle "EXT 2024"]
[Source "ChessBase"]
[SourceDate "2023.10.10"]
[SourceVersion "1"]
[SourceVersionDate "2023.10.10"]
[SourceQuality "1"]
[WhiteTeam "Fundacion La Caja de Canarias II"]
[BlackTeam "Caissa Enroque"]
[WhiteTeamCountry "ESP"]
[BlackTeamCountry "ESP"]

1. e4 g6 2. d4 Bg7 3. Bc4 c6 4. e5 d5 5. Bb3 f6 6. f4 Nh6 7. Nf3 0-0 8. 0-0 Bg4 9. h3 Bxf3 10. Rxf3 Na6 11. Na3 fxe5 12. fxe5 Rxf3 13. Qxf3 Nf5 14. c3 Qb6 15. Bf4 Rf8 16. Qd3 Nc7 17. Kh1 Ne6 18. Rf1 a5 19. Qd2 Ng3+ 20. Bxg3 Rxf1+ 21. Kh2 Qd8 22. c4 Kh8 23. cxd5 cxd5 24. Nc2 Rf8 25. Ne3 Qb6 26. Nc2 Qb5 27. Na3 Qb6 28. Nc2 Rd8 29. Bf2 Qa6 30. a4 Qb6 31. Qc3 Qc7 32. Qd2 b6 33. Ne3 Bh6 34. Qd3 Bf4+ 35. g3 Bxe3 36. Bxe3 Ng7 37. g4 e6 38. Kg3 Rf8 39. h4 Qf7 40. Bd1 h5 41. Bg5 Qf2+ 42. Kh3 hxg4+ 43. Kxg4 Qg2+ 44. Qg3 Qe4+ 45. Kh3 Rf1 46. Qb3 Rh1+ 47. Kg3 Nf5+ 48. Kf2 Qe1+ 49. Kf3 Nxd4+ 50. Kf4 Nxb3 51. Bf6+ Kh7 52. Bf3 Rh3 53. h5 gxh5 54. Bg4 0-1

[Event "Tenerife-chT Primera"]
[Site "Tenerife"]
[Date "2022.01.29"]
[Round "1.1"]
[White "Gonzalez Melo, Antonio Manuel"]
[Black "Ramos Aguilar, Jose Manuel"]
[Result "0-1"]
[WhiteElo "1713"]
[BlackElo "2049"]
[PlyCount "60"]
[EventDate "2022.01.29"]
[EventType "team-tourn"]
[EventRounds "14"]
[EventCountry "ESP"]
[SourceTitle "EXT 2024"]
[Source "ChessBase"]
[SourceDate "2023.10.10"]
[SourceVersion "1"]
[SourceVersionDate "2023.10.10"]
[SourceQuality "1"]
[WhiteTeam "La Victoria 94"]
[BlackTeam "Caissa Enroque"]
[WhiteTeamCountry "ESP"]
[BlackTeamCountry "ESP"]

1. d4 Nf6 2. Bf4 g6 3. Nc3 d6 4. e4 Bg7 5. Qd2 c6 6. Bh6 Bxh6 7. Qxh6 Qa5 8. Qd2 Nbd7 9. Nf3 e5 10. Be2 b5 11. dxe5 dxe5 12. 0-0 0-0 13. a3 Qc7 14. Qh6 Re8 15. Ng5 Nf8 16. f4 exf4 17. g3 Ne6 18. gxf4 Nxg5 19. Qxg5 Nxe4 20. Nxe4 Rxe4 21. Bd3 Qb6+ 22. Rf2 Rd4 23. Re1 Bd7 24. Qf6 c5 25. Qg5 c4 26. Bf1 Bf5 27. c3 Rd2 28. Ree2 Rad8 29. Qe7 h6 30. h4 Bg4 0-1

[Event "Santa Cruz de Tenerife op 31st"]
[Site "Santa Cruz de Tenerife"]
[Date "2021.12.22"]
[Round "6"]
[White "De la Paz Barreto, Aaron"]
[Black "Ramos Aguilar, Jose Manuel"]
[Result "0-1"]
[WhiteElo "1235"]
[BlackElo "2049"]
[PlyCount "98"]
[EventDate "2021.12.14"]
[EventType "swiss"]
[EventRounds "9"]
[EventCountry "ESP"]
[SourceTitle "CBM 206 Extra"]
[Source "ChessBase"]
[SourceDate "2022.03.31"]
[SourceVersion "1"]
[SourceVersionDate "2022.03.31"]
[SourceQuality "1"]

1. e4 c6 2. Nc3 d5 3. Nf3 Bg4 4. d4 e6 5. Be2 Nf6 6. Bg5 Be7 7. e5 Nfd7 8. Bxe7 Qxe7 9. Nd2 Bxe2 10. Qxe2 0-0 11. 0-0 c5 12. dxc5 Nc6 13. Nf3 Nxc5 14. Rad1 a6 15. Nd4 Rac8 16. f4 g6 17. g3 b5 18. a3 f5 19. exf6 Qxf6 20. Nxc6 Rxc6 21. Rfe1 Rb8 22. Qe5 Qxe5 23. Rxe5 b4 24. axb4 Rxb4 25. b3 Nd7 26. Na2 Rb7 27. Re2 a5 28. Ra1 Rbc7 29. c3 Kf7 30. Rc2 Nb6 31. Rac1 Kf6 32. Kf2 a4 33. Nb4 axb3 34. Rb2 Rxc3 35. Rcb1 Nc4 36. Rxb3 Rxb3 37. Rxb3 Ra7 38. Kg2 h5 39. Rc3 Ra3 40. Rxa3 Nxa3 41. Nd3 Nc4 42. Kf2 Kf5 43. Nc5 e5 44. fxe5 Kxe5 45. Nd7+ Kd4 46. Kf3 Ne5+ 47. Kf4 Nxd7 48. Kg5 Ne5 49. h3 Ke4 0-1

[Event "Tenerife-chT Segunda"]
[Site "Tenerife"]
[Date "2021.06.05"]
[Round "8.1"]
[White "Ramos Aguilar, Jose Manuel"]
[Black "Hoyas Cebrian, Lucas"]
[Result "1/2-1/2"]
[WhiteElo "2076"]
[BlackElo "1913"]
[PlyCount "88"]
[EventDate "2021.02.27"]
[EventType "team-tourn"]
[EventRounds "13"]
[EventCountry "ESP"]
[SourceTitle "EXT 2023"]
[Source "ChessBase"]
[SourceDate "2022.10.05"]
[SourceVersion "1"]
[SourceVersionDate "2022.10.05"]
[SourceQuality "1"]
[WhiteTeam "Caissa Enroque"]
[BlackTeam "Smyslov Anaza"]
[WhiteTeamCountry "ESP"]
[BlackTeamCountry "ESP"]

1. d4 d5 2. c4 e6 3. Nc3 c5 4. cxd5 cxd4 5. Qa4+ Bd7 6. Qxd4 exd5 7. Qxd5 Nc6 8. Nf3 Nf6 9. Qd1 Bc5 10. e3 Qb6 11. Be2 Bb4 12. 0-0 Bxc3 13. bxc3 Qa5 14. Rb1 Rd8 15. Qb3 0-0 16. Bb2 Ne4 17. c4 b6 18. Rbd1 Be6 19. Nd4 Nxd4 20. exd4 Nd2 21. Qa3 Nxf1 22. Qxa5 bxa5 23. Kxf1 Rb8 24. Ba3 Rfd8 25. d5 Bf5 26. Be7 Rd7 27. d6 Rdb7 28. Bf3 Rb1 29. Ke1 Rxd1+ 30. Kxd1 Bd7 31. c5 Rc8 32. c6 Rxc6 33. Bxc6 Bxc6 34. Kd2 f6 35. Bd8 a4 36. Bc7 Kf7 37. Kc3 Ke6 38. g3 Kd5 39. Bb8 a5 40. Bc7 f5 41. h4 h6 42. a3 g5 43. Bxa5 Kxd6 44. Kd4 gxh4 1/2-1/2

[Event "Tenerife-ch"]
[Site "Santa Cruz"]
[Date "2021.05.28"]
[Round "4"]
[White "Oudeh Mishmesh, Omar"]
[Black "Ramos Aguilar, Jose Manuel"]
[Result "1-0"]
[WhiteElo "1998"]
[BlackElo "2071"]
[PlyCount "65"]
[EventDate "2021.05.21"]
[EventType "swiss"]
[EventRounds "7"]
[EventCountry "ESP"]
[SourceTitle "CBM 203 Extra"]
[Source "ChessBase"]
[SourceDate "2021.09.30"]
[SourceVersion "1"]
[SourceVersionDate "2021.09.30"]
[SourceQuality "1"]

1. e4 c6 2. d4 d5 3. exd5 cxd5 4. Bd3 Nc6 5. c3 Nf6 6. Bf4 Bg4 7. Qb3 Qc8 8. Nd2 e6 9. Ngf3 Be7 10. 0-0 Bh5 11. Rac1 0-0 12. h3 Bg6 13. Bxg6 hxg6 14. Rfe1 a6 15. c4 a5 16. c5 a4 17. Qd3 b6 18. cxb6 Qb7 19. Qb5 Rfc8 20. Rc2 Ra5 21. Qe2 Qxb6 22. Rec1 Raa8 23. Ne5 Na7 24. Ndf3 Ne4 25. Nxf7 Kxf7 26. Ne5+ Kg8 27. Nxg6 Bf6 28. Qh5 Qxd4 29. Rc7 Qxf2+ 30. Kh2 Qxf4+ 31. Nxf4 Nb5 32. Rxc8+ Rxc8 33. Rxc8+ 1-0

[Event "Tenerife-chT Primera 1920"]
[Site "Tenerife "]
[Date "2020.03.07"]
[Round "8.1"]
[White "Ramos Aguilar, Jose Manuel"]
[Black "Delgado Delgado, Jose Miguel"]
[Result "1-0"]
[WhiteElo "2078"]
[BlackElo "1796"]
[PlyCount "199"]
[EventDate "2019.11.30"]
[EventType "team-tourn"]
[EventRounds "14"]
[EventCountry "ESP"]
[SourceTitle "CBM 195 Extra"]
[Source "ChessBase"]
[SourceDate "2020.05.31"]
[SourceVersion "1"]
[SourceVersionDate "2020.05.31"]
[SourceQuality "1"]
[WhiteTeam "Ebano Barrio Nuevo II"]
[BlackTeam "Playa San Juan"]
[WhiteTeamCountry "ESP"]
[BlackTeamCountry "ESP"]

1. b3 Nf6 2. Bb2 d6 3. g3 g6 4. Bg2 Bg7 5. d4 c6 6. Nf3 0-0 7. 0-0 Qc7 8. c4 d5 9. cxd5 Nxd5 10. e4 Nb6 11. Qe2 Na6 12. Nbd2 Bg4 13. h3 Bc8 14. Rac1 Qd8 15. Rfd1 Bh6 16. Ne5 Nd7 17. Nec4 b6 18. d5 cxd5 19. exd5 Re8 20. h4 Nac5 21. h5 Nb7 22. hxg6 hxg6 23. Rc2 Ndc5 24. Ne5 Bf5 25. Rc4 Nd6 26. Rh4 Bg7 27. Nc6 Qc7 28. Bxg7 Kxg7 29. Qe3 Rh8 30. Rxh8 Rxh8 31. Nxe7 Nd7 32. Nf3 Qc5 33. Qf4 Kf8 34. Rc1 Qa3 35. Nxf5 Nxf5 36. Rc8+ Kg7 37. Rxh8 Kxh8 38. Ne5 Nxe5 39. Qxe5+ Kg8 40. Be4 Nd6 41. Bd3 Qc1+ 42. Kg2 Qc5 43. a4 a5 44. g4 Qb4 45. Be2 Qc5 46. Kg3 Qb4 47. Bf3 Qc5 48. Qe3 Qb4 49. Kg2 Kg7 50. Qe7 Kg8 51. Qc7 Kg7 52. Kg3 Kg8 53. Kg2 Kg7 54. Qe7 Qc5 55. Qe5+ Kg8 56. Kg3 Kh7 57. Be2 Kg8 58. Bb5 Qb4 59. Qe3 Kg7 60. f3 Nxb5 61. axb5 Qd6+ 62. Kg2 Qxd5 63. Qxb6 Qxb3 64. Qxa5 Qb2+ 65. Kh3 Qf2 66. Qc3+ Kh7 67. Qd3 Kh6 68. Qd5 Kg7 69. Qe5+ Kg8 70. Qd5 Qg1 71. Qc6 Qf1+ 72. Kg3 g5 73. Qc5 f6 74. b6 Qe1+ 75. Qf2 Qb1 76. Qd4 Qe1+ 77. Kg2 Qe2+ 78. Qf2 Qb5 79. Qe3 Qb2+ 80. Kg3 Qb4 81. Qe6+ Kg7 82. Qd7+ Kg6 83. Qd3+ Kg7 84. Qe3 Qd6+ 85. Kh3 Qb4 86. Qe6 Qb1 87. Qe7+ Kg8 88. Qd8+ Kf7 89. Qc7+ Kg8 90. Qb8+ Kf7 91. Qa7+ Kg6 92. b7 Qf1+ 93. Kh2 Qe2+ 94. Kg1 Qe1+ 95. Kg2 Qe2+ 96. Qf2 Qb5 97. Qc2+ Kh6 98. Qe4 Qb2+ 99. Kf1 f5 100. gxf5 1-0

[Event "Tenerife Spring op"]
[Site "Tenerife"]
[Date "2020.03.06"]
[Round "1.4"]
[White "Ramos Aguilar, Jose Manuel"]
[Black "Febles Dominguez, Alfonso Jesus"]
[Result "1-0"]
[WhiteElo "2084"]
[BlackElo "1298"]
[PlyCount "71"]
[EventDate "2020.03.06"]
[EventType "swiss"]
[EventRounds "9"]
[EventCountry "ESP"]
[SourceTitle "EXT 2024"]
[Source "ChessBase"]
[SourceDate "2023.10.10"]
[SourceVersion "1"]
[SourceVersionDate "2023.10.10"]
[SourceQuality "1"]

1. e4 e5 2. Nf3 Nc6 3. g3 Bc5 4. Bg2 Nf6 5. d3 d6 6. 0-0 Bg4 7. c3 Qd7 8. b4 Bb6 9. a4 a5 10. b5 Ne7 11. Nbd2 Ng6 12. Nc4 Bc5 13. d4 exd4 14. cxd4 Bb6 15. Qd3 0-0 16. Bg5 Qe6 17. Rfe1 Rfe8 18. Nxb6 cxb6 19. d5 Qd7 20. Nd2 Ne5 21. Qd4 Qd8 22. h3 Bc8 23. f4 Ng6 24. Nc4 h6 25. Bxf6 gxf6 26. Qxb6 Qxb6+ 27. Nxb6 Rb8 28. Nc4 b6 29. Nxd6 Rd8 30. e5 fxe5 31. fxe5 Ne7 32. Rac1 Nf5 33. Rxc8 Rbxc8 34. Nxf5 Rc2 35. Nxh6+ Kh7 36. Be4+ 1-0